Il lessico della sessualità /

সংরক্ষণ করুন:
গ্রন্থ-পঞ্জীর বিবরন
প্রধান লেখক: Ansermet, François (লেখক)
বিন্যাস: গ্রন্থ
ভাষা:ইতালিয়
প্রকাশিত: Milano : Franco Angeli, 2014
ট্যাগগুলো: ট্যাগ যুক্ত করুন
কোনো ট্যাগ নেই, প্রথমজন হিসাবে ট্যাগ করুন!

MARC

LEADER 00000nam a22000007ib4500
001 IT\ICCU\BCT\0056835
003 ItRI
005 20250128222037.0
008 200212s2014 it |||||| ||||| |||||c
040 |b ita  |c Arcigay Genova 
041 7 |a ita  |2 ISO-639-2 
245 0 3 |a Il lessico della sessualità /  |c [testi di] François Ansermet ... [et al.]. 
260 |a Milano :  |b Franco Angeli,  |c 2014 
300 |a 173 p. ;  |c 23 cm 
500 |a Numero monografico di: Rivista sperimentale di freniatria, a. 138 (2014), n. 2 
700 1 |a Ansermet, François  |0 IT\ICCU\UBOV\674897  |4 aut 
773 0 |w IT\ICCU\TSA\0035001  |t Rivista sperimentale di freniatria  |g 2/2014 
942 |2 ddc  |c CR 
952 |0 0  |1 0  |2 ddc  |4 0  |6 616_890000000000000_ANS_LES  |7 1  |9 2942  |a GE  |b GE  |d 2025-01-30  |l 0  |o 616.89 ANS LES  |p 1493  |r 2025-01-30 17:24:00  |t 2/2014  |w 2025-01-30  |y CR  |z Donazione della Biblioteca Carlo Livi di Reggio Emilia 
981 1 |6 z01  |a i   |b xxxe  
982 1 |6 z01  |a n 
999 |c 2455  |d 2455